[Event "Gatineau TORO U1900"]
[Site "Gatineau"]
[Date "2013.06.09"]
[Round "5"]
[White "Arsenault, Yves"]
[Black "Diaz, Carol P"]
[Result "0-1"]
[WhiteElo "1543"]
[BlackElo "1757"]
[PlyCount "120"]
[EventDate "2013.06.07"]
[EventType "swiss"]
[EventRounds "5"]
[EventCountry "CAN"]
[SourceTitle "EXT 2022"]
[Source "ChessBase"]
[SourceDate "2021.10.06"]
[SourceVersion "1"]
[SourceVersionDate "2021.10.06"]
[SourceQuality "1"]

1. e4 g6 2. d4 Bg7 3. Nf3 d6 4. Bc4 Nf6 5. Nc3 0-0 6. 0-0 c5 7. d5 Nbd7 8. Re1 a6 9. a3 b5 10. Bd3 Qb6 11. b4 Ng4 12. Qd2 cxb4 13. axb4 Nxf2 14. Kf1 Nxd3 15. Qxd3 Ne5 16. Nxe5 Bxe5 17. Be3 Qb7 18. Kg1 Bd7 19. Rac1 f5 20. exf5 Bxf5 21. Qd2 Bxc3 22. Qxc3 Qxd5 23. Bh6 Rf7 24. Qc7 Qd4+ 25. Kh1 e6 26. Qc6 Rb8 27. Qxa6 Qxb4 28. c3 Qc5 29. Be3 Qc7 30. c4 b4 31. c5 dxc5 32. Bxc5 Qb7 33. Qxb7 Rfxb7 34. Bd6 Rd8 35. Be5 b3 36. Re2 Kf7 37. Bb2 Rd3 38. h3 h5 39. Rf2 Rbd7 40. Kh2 Rd2 41. Rcf1 Rxf2 42. Rxf2 Kg8 43. Kg3 g5 44. Re2 Kf7 45. Re3 Rd3 46. Rxd3 Bxd3 47. Kf3 Kg6 48. g4 hxg4+ 49. hxg4 Bc4 50. Kg3 Kf7 51. Kf3 Ke7 52. Be5 Kd7 53. Ke3 Kc6 54. Ke4 Be2 55. Bb2 Bxg4 56. Ke5 Bf5 57. Bc1 g4 58. Kf4 Kd5 59. Bb2 Kc4 60. Kg3 Kd3 0-1